[Event "GER-chT U14 Girls"]
[Site "Dittrichshuette"]
[Date "2004.12.27"]
[Round "2.2"]
[White "Eckoldt, Katja"]
[Black "Karmann, Anna"]
[Result "1/2-1/2"]
[WhiteElo "1163"]
[BlackElo "1618"]
[PlyCount "55"]
[EventDate "2004.12.27"]
[EventType "team"]
[EventRounds "6"]
[EventCountry "GER"]
[SourceTitle "EXT 2006"]
[Source "ChessBase"]
[SourceDate "2005.11.24"]
[SourceVersion "1"]
[SourceVersionDate "2005.11.24"]
[SourceQuality "1"]

1. Nc3 e5 2. Nf3 Nc6 3. d4 exd4 4. Nxd4 Bb4 5. Nxc6 Bxc3+ 6. bxc3 bxc6 7. e4 Qe7 8. Bd3 Nf6 9. Qe2 Rb8 10. 0-0 0-0 11. Bd2 d6 12. h3 Re8 13. Rfe1 h6 14. f4 Bd7 15. Qe3 c5 16. c4 Bc6 17. e5 Nd7 18. exd6 Qxe3+ 19. Rxe3 cxd6 20. Rxe8+ Rxe8 21. Kf2 Nf6 22. Re1 Kf8 23. g4 Ne4+ 24. Bxe4 Bxe4 25. Rc1 Bb7 26. f5 Bc6 27. Bf4 Rd8 28. Rd1 1/2-1/2

[Event "GER-chT Lands U20"]
[Site "Bad Sulza"]
[Date "2004.11.16"]
[Round "3.8"]
[White "Eckoldt, Katja"]
[Black "Mijatovic, Andrea"]
[Result "0-1"]
[WhiteElo "1164"]
[BlackElo "1299"]
[PlyCount "98"]
[EventDate "2004.11.15"]
[EventType "team-swiss"]
[EventRounds "7"]
[EventCountry "GER"]
[SourceTitle "EXT 2006"]
[Source "ChessBase"]
[SourceDate "2005.11.24"]
[SourceVersion "1"]
[SourceVersionDate "2005.11.24"]
[SourceQuality "1"]

1. e4 c5 2. Nf3 Nc6 3. d4 cxd4 4. Nxd4 Nf6 5. Nc3 e5 6. Ndb5 d6 7. Bg5 a6 8. Na3 b5 9. Nd5 Be7 10. Bxf6 Bxf6 11. c3 Bg5 12. Nc2 0-0 13. a4 bxa4 14. Rxa4 a5 15. Bb5 Ne7 16. Nxe7+ Qxe7 17. b4 Qb7 18. Bd3 Qc6 19. Ra3 Bb7 20. 0-0 f5 21. f3 Qb6+ 22. Kh1 fxe4 23. fxe4 Rfc8 24. Qb1 axb4 25. Rxa8 Bxa8 26. cxb4 Rb8 27. Qb3+ Kh8 28. g3 h6 29. h4 Bd2 30. Rb1 Qf2 31. Rg1 Qf3+ 32. Kh2 Bxe4 33. Qc4 Bxd3 34. Qb3 Qe4 35. Na3 Rxb4 36. Qd1 Rb2 37. Rg2 Qb4 38. Kh3 Qxa3 39. Rxd2 Rxd2 40. Qxd2 Bf5+ 41. Kg2 Qd3 42. Qf2 Qc2 43. Qxc2 Bxc2 44. Kf3 Kg8 45. Ke2 Kf7 46. Kd2 Bf5 47. Ke3 Ke6 48. Kd2 Kd5 49. Ke3 e4 0-1

[Event "GER-chT Lands U20"]
[Site "Bad Sulza"]
[Date "2004.11.16"]
[Round "2.8"]
[White "Garny, Annica"]
[Black "Eckoldt, Katja"]
[Result "0-1"]
[WhiteElo "1236"]
[BlackElo "1164"]
[PlyCount "116"]
[EventDate "2004.11.15"]
[EventType "team-swiss"]
[EventRounds "7"]
[EventCountry "GER"]
[SourceTitle "EXT 2006"]
[Source "ChessBase"]
[SourceDate "2005.11.24"]
[SourceVersion "1"]
[SourceVersionDate "2005.11.24"]
[SourceQuality "1"]

1. e4 c5 2. Nf3 d6 3. d4 cxd4 4. Nxd4 Nf6 5. Nc3 a6 6. Bc4 e6 7. Bg5 Be7 8. Nf3 0-0 9. e5 Ne8 10. Bxe7 Qxe7 11. 0-0 Nd7 12. exd6 Nxd6 13. Bd3 b5 14. Qd2 Bb7 15. Be2 Rfd8 16. Rad1 Nb6 17. Qe3 Nbc4 18. Bxc4 Nxc4 19. Qe2 Nxb2 20. Rde1 Nc4 21. Nb1 Qf6 22. Nfd2 Nxd2 23. Nxd2 Qg6 24. Nf3 Bxf3 25. Qxf3 Qxc2 26. Re2 Qf5 27. Qe3 Rd6 28. Rc1 Rad8 29. h3 g6 30. g4 Qd3 31. Qxd3 Rxd3 32. Kg2 Rd2 33. Rxd2 Rxd2 34. a3 Ra2 35. Rc3 Kf8 36. Kg3 a5 37. f4 Ke7 38. Kf3 b4 39. axb4 axb4 40. Rb3 Ra3 41. Re3 Rxe3+ 42. Kxe3 f5 43. g5 Kd6 44. Kd4 b3 45. Kc3 Kd5 46. Kxb3 e5 47. Kc3 Ke4 48. fxe5 Kxe5 49. Kd3 f4 50. h4 Kf5 51. Kd4 Kg4 52. Ke4 f3 53. Ke5 f2 54. Kf6 f1Q+ 55. Kg7 Kxh4 56. Kxh7 Kxg5 57. Kg8 Kh6 58. Kh8 Qf8# 0-1

[Event "GER-ch U12"]
[Site "Willingen"]
[Date "2004.06.04"]
[Round "10"]
[White "Duerre, Gregor"]
[Black "Eckoldt, Katja"]
[Result "1/2-1/2"]
[WhiteElo "1370"]
[BlackElo "1056"]
[PlyCount "129"]
[EventDate "2004.06.??"]
[EventType "swiss"]
[EventRounds "11"]
[EventCountry "GER"]
[SourceTitle "EXT 2005"]
[Source "ChessBase"]
[SourceDate "2004.11.15"]
[SourceVersion "1"]
[SourceVersionDate "2004.11.15"]
[SourceQuality "1"]

1. e4 c5 2. Nc3 d6 3. d3 g6 4. g3 Bg7 5. Bg2 e6 6. f4 Ne7 7. Nf3 0-0 8. 0-0 a6 9. a4 Nd7 10. Rb1 Qa5 11. d4 b5 12. axb5 axb5 13. Ne2 Qc7 14. c3 Bb7 15. Ne1 Rfe8 16. Be3 Nb6 17. b3 c4 18. b4 Ra3 19. Nc2 Ra4 20. h3 Rea8 21. g4 Rd8 22. g5 d5 23. e5 Nf5 24. Qe1 Nc8 25. Bf3 Nce7 26. h4 Raa8 27. Rb2 Ra4 28. h5 Rda8 29. hxg6 fxg6 30. Qb1 Nh4 31. Bg4 Nhf5 32. Kg2 Bc8 33. Bd2 Qa7 34. Rd1 Ra2 35. Rxa2 Qxa2 36. Qxa2 Rxa2 37. Ne1 Kf7 38. Kf2 h5 39. gxh6 Bxh6 40. Nf3 Ra8 41. Rh1 Kg7 42. Ng3 Nxg3 43. Kxg3 Nf5+ 44. Bxf5 gxf5 45. Rg1 Bb7 46. Kh4+ Kh7 47. Kh5 Bc6 48. Kh4 Rg8 49. Ra1 Rg4+ 50. Kh3 Bxf4 51. Ra7+ Kg6 52. Bxf4 Rxf4 53. Kg2 Re4 54. Kf2 Be8 55. Ra8 Kf7 56. Ra7+ Kg8 57. Ng5 Rf4+ 58. Ke2 Bh5+ 59. Ke3 Rg4 60. Nxe6 Re4+ 61. Kd2 Re2+ 62. Kc1 Re1+ 63. Kc2 Re2+ 64. Kc1 Re1+ 65. Kc2 1/2-1/2

[Event "GER-ch U12"]
[Site "Willingen"]
[Date "2004.06.04"]
[Round "11"]
[White "Eckoldt, Katja"]
[Black "Prosch, Julia"]
[Result "0-1"]
[WhiteElo "1056"]
[BlackElo "1300"]
[PlyCount "100"]
[EventDate "2004.06.??"]
[EventType "swiss"]
[EventRounds "11"]
[EventCountry "GER"]
[SourceTitle "EXT 2005"]
[Source "ChessBase"]
[SourceDate "2004.11.15"]
[SourceVersion "1"]
[SourceVersionDate "2004.11.15"]
[SourceQuality "1"]

1. e4 c5 2. Nc3 Nc6 3. d3 g6 4. g3 Bg7 5. Bg2 Nf6 6. f4 d6 7. Nf3 0-0 8. 0-0 Qb6 9. Rb1 Ng4 10. Bd2 c4+ 11. Kh1 Nf2+ 12. Rxf2 Qxf2 13. Qf1 Qxf1+ 14. Rxf1 Nd4 15. Nxd4 Bxd4 16. dxc4 Bg4 17. b3 Bxc3 18. Bxc3 Rac8 19. Bf3 Bh3 20. Bg2 Bxg2+ 21. Kxg2 b5 22. Bd4 bxc4 23. Bxa7 cxb3 24. cxb3 Rc2+ 25. Bf2 Rxa2 26. Rb1 Re8 27. Kg1 Rea8 28. b4 Ra1 29. Re1 Rxe1+ 30. Bxe1 Rb8 31. Kf2 Kf8 32. Ke3 Ke8 33. Kd4 Kd7 34. Kc4 Kc6 35. Kb3 d5 36. exd5+ Kxd5 37. Kc3 f6 38. Kd3 e5 39. fxe5 fxe5 40. Ke3 Rf8 41. Bf2 e4 42. Be1 Rf3+ 43. Ke2 Rb3 44. Bd2 Kd4 45. b5 Rxb5 46. Be3+ Kd5 47. g4 Rb2+ 48. Bd2 Kd4 49. Kd1 Kd3 50. Bc1 Rxh2 0-1

[Event "GER-ch U12"]
[Site "Willingen"]
[Date "2004.06.03"]
[Round "9"]
[White "Eckoldt, Katja"]
[Black "Wild, Katharina"]
[Result "0-1"]
[WhiteElo "1056"]
[BlackElo "1249"]
[PlyCount "77"]
[EventDate "2004.06.??"]
[EventType "swiss"]
[EventRounds "11"]
[EventCountry "GER"]
[SourceTitle "EXT 2005"]
[Source "ChessBase"]
[SourceDate "2004.11.15"]
[SourceVersion "1"]
[SourceVersionDate "2004.11.15"]
[SourceQuality "1"]

1. e4 c6 2. d4 d5 3. e5 Bf5 4. Bd3 Bxd3 5. Qxd3 e6 6. f4 Ne7 7. g4 Nd7 8. c3 Nb6 9. Nf3 Ng6 10. h4 Be7 11. g5 c5 12. Be3 Nd7 13. Nbd2 Rc8 14. 0-0-0 cxd4 15. Nxd4 a6 16. h5 Ngf8 17. N2f3 b5 18. f5 Nc5 19. Qc2 Ne4 20. f6 gxf6 21. exf6 Bd6 22. Qg2 b4 23. Ne2 bxc3 24. bxc3 Nxc3 25. Nxc3 Rxc3+ 26. Kd2 Ra3 27. Ra1 Qa5+ 28. Kd1 Qc3 29. Rc1 Qxe3 30. Rf1 Qd3+ 31. Nd2 Rxa2 32. Qe2 Qxe2+ 33. Kxe2 Bb4 34. Rfd1 Kd7 35. Kd3 Bxd2 36. Rxd2 Rxd2+ 37. Kxd2 e5 38. Ra1 Ne6 39. Rxa6 0-1

[Event "GER-ch U12"]
[Site "Willingen"]
[Date "2004.05.30"]
[Round "1"]
[White "Eckoldt, Katja"]
[Black "Bluebaum, Johanna"]
[Result "0-1"]
[WhiteElo "1056"]
[BlackElo "1443"]
[PlyCount "76"]
[EventDate "2004.06.??"]
[EventType "swiss"]
[EventRounds "11"]
[EventCountry "GER"]
[SourceTitle "EXT 2005"]
[Source "ChessBase"]
[SourceDate "2004.11.15"]
[SourceVersion "1"]
[SourceVersionDate "2004.11.15"]
[SourceQuality "1"]

1. e4 e6 2. Nf3 d5 3. exd5 exd5 4. Be2 d4 5. 0-0 Be7 6. b3 Nf6 7. Bb2 c5 8. Bc4 0-0 9. Qe2 Bf5 10. Bd3 Bg4 11. Be4 Nxe4 12. Qxe4 Bc8 13. Qd3 Nc6 14. c3 Bf6 15. Na3 a6 16. Nc2 dxc3 17. Qxd8 Rxd8 18. dxc3 Rd3 19. Rfe1 Be6 20. Re3 Rad8 21. Nce1 Rxe3 22. fxe3 Ne5 23. Nxe5 Bxe5 24. Nf3 Bf6 25. Rc1 Rd3 26. e4 Bg4 27. Kf2 Bxf3 28. gxf3 Rd2+ 29. Ke3 Rxb2 30. Rd1 g6 31. Kd3 Rxa2 32. Kc4 Rxh2 33. f4 h5 34. Kxc5 Bxc3 35. Rd7 h4 36. Rxb7 h3 37. Rd7 Rd2 38. Rxd2 Bxd2 0-1

[Event "GER-ch Lands U20"]
[Site "Kassel"]
[Date "2003.10.22"]
[Round "5.8"]
[White "Frey, Alisa"]
[Black "Eckoldt, Katja"]
[Result "1/2-1/2"]
[WhiteElo "1396"]
[BlackElo "1206"]
[PlyCount "109"]
[EventDate "2003.10.19"]
[EventType "team"]
[EventRounds "7"]
[EventCountry "GER"]
[SourceTitle "EXT 2004"]
[Source "ChessBase"]
[SourceDate "2003.11.25"]
[SourceVersion "1"]
[SourceVersionDate "2003.11.25"]
[SourceQuality "1"]

1. e4 c5 2. Nf3 d6 3. d4 cxd4 4. Nxd4 Nf6 5. Nc3 a6 6. Bc4 e5 7. Nf3 Be7 8. Bg5 0-0 9. Qd2 b5 10. Bxf6 Bxf6 11. Bd5 Ra7 12. 0-0-0 Bg4 13. Qe3 Rd7 14. h3 Bxf3 15. Qxf3 Qc7 16. a3 Nc6 17. Bxc6 Qxc6 18. h4 Rc8 19. Qd3 Be7 20. Nd5 Bf8 21. Rd2 Rcd8 22. Qg3 Be7 23. h5 a5 24. h6 g6 25. Qf3 f6 26. Nxf6+ Bxf6 27. Qxf6 Qxe4 28. f3 Qc6 29. Qe6+ Kf8 30. Qd5 Qxd5 31. Rxd5 Rb7 32. Rhd1 Ke7 33. g3 Rb6 34. f4 exf4 35. gxf4 Ke6 36. c3 Rf8 37. R1d4 Rf5 38. Rxf5 Kxf5 39. Kd2 g5 40. Rd5+ Kxf4 41. Ke2 g4 42. Kf2 g3+ 43. Kg1 Kf3 44. Rf5+ Kg4 45. Rf7 d5 46. Rxh7 Re6 47. Rg7+ Kh3 48. Kf1 Rxh6 49. Kg1 Rh4 50. b3 Rg4 51. Rh7+ Rh4 52. Rf7 Re4 53. Rh7+ Rh4 54. Rg7 Rg4 55. Rh7+ 1/2-1/2

[Event "GER-ch Lands U20"]
[Site "Kassel"]
[Date "2003.10.21"]
[Round "4.8"]
[White "Eckoldt, Katja"]
[Black "Garny, Annica"]
[Result "0-1"]
[WhiteElo "1206"]
[BlackElo "1025"]
[PlyCount "146"]
[EventDate "2003.10.19"]
[EventType "team"]
[EventRounds "7"]
[EventCountry "GER"]
[SourceTitle "EXT 2004"]
[Source "ChessBase"]
[SourceDate "2003.11.25"]
[SourceVersion "1"]
[SourceVersionDate "2003.11.25"]
[SourceQuality "1"]

1. e4 e5 2. Nf3 Nc6 3. Bc4 Bc5 4. c3 Nf6 5. d3 d6 6. h3 0-0 7. 0-0 Be6 8. Bxe6 fxe6 9. Re1 d5 10. exd5 exd5 11. Nxe5 Qd6 12. Nxc6 bxc6 13. d4 Bb6 14. Nd2 c5 15. Nf3 Ne4 16. Rf1 Rae8 17. Be3 c6 18. Qc2 Bc7 19. dxc5 Nxc5 20. Bxc5 Qxc5 21. Rae1 Qd6 22. Rxe8 Rxe8 23. b4 Rf8 24. Re1 Rxf3 25. gxf3 Qh2+ 26. Kf1 Qxh3+ 27. Ke2 h5 28. Qa4 Qe6+ 29. Kd1 Qd6 30. Qxa7 h4 31. Qc5 Qf6 32. Qe3 Kh7 33. Qe7 Qxf3+ 34. Re2 Qf4 35. Qe3 Qxe3 36. Rxe3 Kh6 37. a4 g5 38. a5 Kh5 39. a6 Bb6 40. Ke2 g4 41. Re5+ Kg6 42. Re6+ Kg5 43. Re5+ Kf4 44. Rh5 h3 45. Rxh3 gxh3 46. Kf1 Kg4 47. Kg1 Kh4 48. Kf1 Kg4 49. Kg1 Kf3 50. Kh2 Kg4 51. Kg1 d4 52. cxd4 Bxd4 53. Kf1 Kf3 54. Kg1 Bxf2+ 55. Kh2 Kg4 56. Kh1 Kh4 57. Kh2 Kg4 58. Kh1 Kf4 59. Kh2 Ke4 60. Kxh3 Kd5 61. Kg4 Kc4 62. Kf3 Bd4 63. Ke4 Ba7 64. Ke5 Kxb4 65. Ke4 Kb5 66. Ke5 Kxa6 67. Ke4 c5 68. Kd3 Kb5 69. Kc3 c4 70. Kc2 Kb4 71. Kb2 Bd4+ 72. Ka2 c3 73. Kb1 Kb3 0-1

[Event "GER-ch U12"]
[Site "Willingen"]
[Date "2003.06.11"]
[Round "7"]
[White "Eckoldt, Katja"]
[Black "Haecker, Katrin"]
[Result "1/2-1/2"]
[WhiteElo "979"]
[BlackElo "1253"]
[PlyCount "107"]
[EventDate "2003.06.08"]
[EventType "swiss"]
[EventRounds "11"]
[EventCountry "GER"]
[SourceTitle "CBM 094 Extra"]
[Source "ChessBase"]
[SourceDate "2003.07.09"]
[SourceVersion "2"]
[SourceVersionDate "2003.07.09"]
[SourceQuality "1"]

1. e4 e5 2. Nf3 Nc6 3. Bc4 Bc5 4. c3 Nf6 5. d3 0-0 6. 0-0 d5 7. exd5 Nxd5 8. Bb5 Bg4 9. h3 Bh5 10. Bxc6 bxc6 11. c4 Nf6 12. Be3 Bxe3 13. fxe3 e4 14. dxe4 Nxe4 15. Qxd8 Raxd8 16. Ne5 Rde8 17. Nxc6 Ng3 18. Re1 Ne2+ 19. Kh2 Rxe3 20. Nxa7 Rfe8 21. Na3 Nf4 22. Rxe3 Rxe3 23. N3b5 Re2 24. Kg3 Nxg2 25. Nxc7 Rxb2 26. Nab5 Ne3 27. Re1 Nf5+ 28. Kf4 g6 29. Kg5 Rxa2 30. Kf6 Re2 31. Rxe2 Bxe2 32. c5 Bf1 33. c6 Bxh3 34. Na7 Nd6 35. Ncb5 Ne8+ 36. Ke7 Ng7 37. c7 Nf5+ 38. Kf6 Ng3 39. c8Q+ Bxc8 40. Nxc8 h5 41. Ncd6 h4 42. Nxf7 h3 43. Nh6+ Kh7 44. Ng4 Ne4+ 45. Ke5 Ng5 46. Kf4 Ne6+ 47. Kg3 g5 48. Kxh3 Kg6 49. Nd6 Kh5 50. Ne4 Nf4+ 51. Kg3 Ne2+ 52. Kf3 Kh4 53. Kxe2 Kxg4 54. Nxg5 1/2-1/2

[Event "GER-ch U12"]
[Site "Willingen"]
[Date "2003.06.09"]
[Round "4"]
[White "Eckoldt, Katja"]
[Black "Seifert, Christopher"]
[Result "0-1"]
[WhiteElo "979"]
[BlackElo "1369"]
[PlyCount "84"]
[EventDate "2003.06.08"]
[EventType "swiss"]
[EventRounds "11"]
[EventCountry "GER"]
[SourceTitle "CBM 094 Extra"]
[Source "ChessBase"]
[SourceDate "2003.07.09"]
[SourceVersion "2"]
[SourceVersionDate "2003.07.09"]
[SourceQuality "1"]

1. e4 e6 2. Nf3 d5 3. exd5 exd5 4. d4 Nf6 5. Be2 Bd6 6. 0-0 0-0 7. Bg5 Bg4 8. c3 Nbd7 9. Nbd2 c6 10. Qc2 Qc7 11. g3 Bh3 12. Rfe1 c5 13. Bxf6 Nxf6 14. Ng5 Bd7 15. Bd3 h6 16. Ngf3 Rac8 17. b3 cxd4 18. Nxd4 Qxc3 19. Qxc3 Rxc3 20. Be2 Bc5 21. N4f3 Rc2 22. a3 Re8 23. b4 Bb6 24. Kg2 Ng4 25. Bf1 Nxf2 26. Re2 Rxe2 27. Bxe2 Bh3+ 28. Kg1 Ne4+ 29. Kh1 Nxd2 30. Nxd2 Rxd2 31. Bf1 Bxf1 32. Rxf1 Ra2 33. Rd1 d4 34. Rd3 Kf8 35. Kg1 Ke7 36. h4 Kd6 37. Kf1 Kd5 38. Ke1 Kc4 39. Rf3 f6 40. Kd1 d3 41. Rf4+ Kc3 42. Rf3 Ra1# 0-1

[Event "GER-ch U10"]
[Site "Winterberg"]
[Date "2002.05.23"]
[Round "9"]
[White "Eckoldt, Katja"]
[Black "Miclea, Andrei"]
[Result "1/2-1/2"]
[WhiteElo "936"]
[BlackElo "1143"]
[PlyCount "74"]
[EventDate "2002.05.19"]
[EventType "swiss"]
[EventRounds "11"]
[EventCountry "GER"]
[SourceTitle "CBM 088 Extra"]
[Source "ChessBase"]
[SourceDate "2002.07.01"]
[SourceVersion "2"]
[SourceVersionDate "2002.07.01"]
[SourceQuality "1"]

1. e4 e5 2. Nf3 Nf6 3. Nxe5 d6 4. Nf3 Nxe4 5. Qe2 Qe7 6. d3 Nf6 7. Qxe7+ Bxe7 8. Be2 0-0 9. 0-0 Nc6 10. Nc3 Bf5 11. Be3 a6 12. Bd4 Nxd4 13. Nxd4 Bd7 14. Rfe1 Rfe8 15. Bf3 c6 16. Re3 d5 17. Rae1 Bc5 18. Rxe8+ Rxe8 19. Rxe8+ Nxe8 20. Nde2 b5 21. d4 Bb6 22. b4 Bf5 23. a4 bxa4 24. Nxa4 Bc7 25. c3 a5 26. bxa5 Bxa5 27. Nb2 Nf6 28. c4 Bc7 29. Nc3 Bd7 30. cxd5 cxd5 31. Bxd5 Nxd5 32. Nxd5 Bd8 33. Nc4 Be6 34. Nde3 Bf6 35. d5 Bd7 36. Nb6 Bb5 37. d6 Kf8 1/2-1/2

[Event "GER-ch U10"]
[Site "Winterberg"]
[Date "2002.05.22"]
[Round "7"]
[White "Eckoldt, Katja"]
[Black "Mueller, Anna Louise"]
[Result "1/2-1/2"]
[WhiteElo "936"]
[BlackElo "704"]
[PlyCount "44"]
[EventDate "2002.05.19"]
[EventType "swiss"]
[EventRounds "11"]
[EventCountry "GER"]
[SourceTitle "CBM 088 Extra"]
[Source "ChessBase"]
[SourceDate "2002.07.01"]
[SourceVersion "2"]
[SourceVersionDate "2002.07.01"]
[SourceQuality "1"]

1. e4 c5 2. Nf3 Nf6 3. Nc3 d6 4. d4 cxd4 5. Nxd4 g6 6. f3 Bg7 7. Be3 0-0 8. Qd2 Nc6 9. 0-0-0 Nxd4 10. Bxd4 Be6 11. g4 Qa5 12. b3 Qa3+ 13. Kb1 a6 14. Qc1 Qxc1+ 15. Rxc1 b5 16. g5 Nh5 17. Bxg7 Kxg7 18. Be2 f6 19. h4 fxg5 20. hxg5 Nf4 21. Rce1 Rac8 22. Kb2 b4 1/2-1/2

[Event "GER-ch U10"]
[Site "Winterberg"]
[Date "2002.05.21"]
[Round "6"]
[White "Gadschisade, Machmud"]
[Black "Eckoldt, Katja"]
[Result "1-0"]
[WhiteElo "1275"]
[BlackElo "936"]
[PlyCount "57"]
[EventDate "2002.05.19"]
[EventType "swiss"]
[EventRounds "11"]
[EventCountry "GER"]
[SourceTitle "CBM 088 Extra"]
[Source "ChessBase"]
[SourceDate "2002.07.01"]
[SourceVersion "2"]
[SourceVersionDate "2002.07.01"]
[SourceQuality "1"]

1. e4 c5 2. Ne2 d6 3. g3 Nc6 4. Bg2 Nf6 5. Nbc3 e6 6. 0-0 Be7 7. d3 0-0 8. f4 b6 9. e5 Nd5 10. Nxd5 exd5 11. Bxd5 Bd7 12. exd6 Bxd6 13. Bg2 Qc8 14. Nc3 Bh3 15. Ne4 Bxg2 16. Kxg2 Qd7 17. Re1 f5 18. Nxd6 Qxd6 19. Be3 Qd5+ 20. Qf3 Nb4 21. Qxd5+ Nxd5 22. Bd2 Rfe8 23. Rxe8+ Rxe8 24. Kf2 Nf6 25. h3 Kf7 26. Bc3 Nd7 27. Rg1 Kg6 28. g4 fxg4 29. Rxg4+ 1-0

[Event "GER-ch U10"]
[Site "Winterberg"]
[Date "2002.05.19"]
[Round "1"]
[White "Eckoldt, Katja"]
[Black "Jussupow, Alexander"]
[Result "0-1"]
[WhiteElo "936"]
[BlackElo "1355"]
[PlyCount "34"]
[EventDate "2002.05.19"]
[EventType "swiss"]
[EventRounds "11"]
[EventCountry "GER"]
[SourceTitle "CBM 088 Extra"]
[Source "ChessBase"]
[SourceDate "2002.07.01"]
[SourceVersion "2"]
[SourceVersionDate "2002.07.01"]
[SourceQuality "1"]

1. e4 c5 2. Nf3 d6 3. d4 cxd4 4. Nxd4 Nf6 5. Nc3 g6 6. f3 Bg7 7. Be3 0-0 8. Qd2 Nc6 9. 0-0-0 Nxd4 10. Bxd4 Bd7 11. Be2 Qa5 12. g4 Rac8 13. Bd3 Be6 14. Kb1 b5 15. g5 b4 16. Ne2 Qxa2+ 17. Kc1 Qa1# 0-1